| 000 | 00771nam a2200277 a 4500 | ||
|---|---|---|---|
| 003 | AR-BaBNM | ||
| 005 | 20251128203357.0 | ||
| 008 | 082120s2002 ||||||||||||||000 | spa|| | ||
| 040 | _cAR-BaBNM | ||
| 100 | 1 | _aSlonim, Marc | |
| 245 | 0 | 0 |
_aEl teatro ruso _bdel imperio a los soviets |
| 260 |
_aBuenos Aires _bEudeba _c1965 |
||
| 300 |
_aiv, 315 p. _bláms. |
||
| 490 | 0 | _aBiblioteca el hombre y su sombra. La vida del arte | |
| 500 | _aContiene índice alfabético en p. 303 | ||
| 650 | 4 | _aLITERATURA RUSA | |
| 650 | 4 | _aESCRITORES | |
| 650 | 4 | _aHISTORIA LITERARIA | |
| 650 | 4 | _aCRITICA LITERARIA | |
| 650 | 4 | _aTEATRO | |
| 650 | 4 | _aDIRECTORES DE TEATRO | |
| 655 | _aLITERATURA | ||
| 700 | 1 |
_aMartínez, Horacio _etraductor |
|
| 942 | _cBK | ||
| 998 | _cMARTIN | ||
| 999 |
_c3111 _d3111 |
||